000 00829nam a2200253Ia 4500
003 OSt
005 20220923221028.0
006 a|||||r|||| 00| 0
007 ta
008 220922b |||||||| |||| 00| 0 hin d
024 _a193,954
037 _cTextual
040 _aARTS
_cARTS
_bhin
041 _2hin
_ahin
082 _aO152,3:g, J5
100 _aसिंह, त्रिभुवन
_9156272
245 0 _aहिन्दी उपन्यास और यथार्थवाद
246 _aHindī upanyās aur yathārthavāda
260 _aबनारस
_b ओमप्रकाश बेरी
_c1955
300 _a249पृ.
_ccm.
650 _aहिन्दी कहानी
942 _hO152,3:g, J5
_cTEXL
_2CC
999 _c346371
_d346371